书目信息 |
| 题名: |
教育:心灵的唤醒
|
|
| 作者: | 肖川 著 | |
| 分册: | ||
| 出版信息: | 长沙 岳麓书社 2017 |
|
| 页数: | 16,187页 | |
| 开本: | 19cm | |
| 丛书名: | ||
| 单 册: | ||
| 中图分类: | G4 | |
| 科图分类: | ||
| 主题词: | 教育--研究 | |
| 电子资源: | ||
| ISBN: | 978-7-5538-0719-5 | |
| 000 | 00818nam0 2200217 450 | |
| 001 | 64 | |
| 005 | 20180519102733.92 | |
| 010 | @a978-7-5538-0719-5@b精装@dCNY29.00 | |
| 100 | @a20171018d2017 em y0chiy50 ea | |
| 101 | 0 | @achi |
| 102 | @aCN@b430000 | |
| 105 | @ay z 000yy | |
| 200 | 1 | @a教育:心灵的唤醒@9jiao yu : xin ling de huan xing@e肖川教育札记@e肖川著 |
| 210 | @a长沙@c岳麓书社@d2017 | |
| 215 | @a16,187页@d19cm | |
| 330 | @a本书为肖川教授近年来在实践教育理论的过程中,对教育和文化领域内相关问题的所思、所感、所悟,鞭辟入里,深入浅出,用理论结合实例,为学校教育和家庭教育都提出了很好的建议,对当下青年教师的理论知识储备和工作和成长具有一定借鉴指导意义。 | |
| 606 | 0 | @a教育@x研究 |
| 690 | @aG4@v5 | |
| 701 | 0 | @a肖川@9xiao chuan@f(1963~)@4著 |
| 801 | 0 | @aCN@b91MARC@c20171018 |
| 905 | @aMuseLib@dG4@e206 | |
| 教育:心灵的唤醒:肖川教育札记:肖川著.-长沙:岳麓书社,2017 |
| 16,187页;19cm |
| ISBN 978-7-5538-0719-5(精装):CNY29.00 |
| 本书为肖川教授近年来在实践教育理论的过程中,对教育和文化领域内相关问题的所思、所感、所悟,鞭辟入里,深入浅出,用理论结合实例,为学校教育和家庭教育都提出了很好的建议,对当下青年教师的理论知识储备和工作和成长具有一定借鉴指导意义。 |
| ● |
| 相关链接 |
|
|
|
|
正题名:教育:心灵的唤醒
索取号:G4/206
 
预约/预借
| 序号 | 登录号 | 条形码 | 馆藏地/架位号 | 状态 | 备注 |
| 1 | 1100340 | 211003402 | 第一样本阅览室/ [索取号:G4/206] | 在馆 | |
| 2 | 1100341 | 211003411 | 教育系资料室/ [索取号:G4/206] | 在馆 | |
| 3 | 1100342 | 211003420 | 教育系资料室/ [索取号:G4/206] | 在馆 | |
| 4 | 1100343 | 211003439 | 教育系资料室/ [索取号:G4/206] | 在馆 | |
| 5 | 1100344 | 211003448 | 第四借阅区/ [索取号:G4/206] | 在馆 | |
| 6 | 1100345 | 211003457 | 第四借阅区/ [索取号:G4/206] | 在馆 |